| 000 | 00551nam a2200229Ia 4500 | ||
|---|---|---|---|
| 008 | 170918s9999 xx 000 0 und d | ||
| 020 | _a9780439560504 | ||
| 050 | _bC237 2003 | ||
| 100 | _aCapecci, Anne | ||
| 245 | _aFood chain : | ||
| 245 | _bfrenzy / | ||
| 245 | _cAnne Capecci ; illustrated by John Speirs. | ||
| 260 | _aNew York : | ||
| 260 | _bScholastic, | ||
| 260 | _c2003 | ||
| 300 | _a91 pages : | ||
| 300 | _bcolored illustration ; | ||
| 300 | _c19cm. | ||
| 440 | _aThe magic school bus ; | ||
| 440 | _v17 | ||
| 500 | _a610 | ||
| 999 |
_c341868 _d341868 |
||